|
|
|
|
| LEADER |
01003nam a22002652a 4500 |
| 001 |
000040671 |
| 003 |
CZ BrMZK |
| 005 |
20090329170458.0 |
| 007 |
ta |
| 008 |
951201s1990 xo f f 000 0 slo d |
| 020 |
|
|
|a 80-05-00397-8
|
| 040 |
|
|
|a BOA001
|b cze
|
| 080 |
|
|
|a 372.833.145(075.3):377.5
|2 MRF
|
| 100 |
1 |
|
|a Svoboda, Václav
|7 jx20040720052
|4 aut
|
| 245 |
1 |
0 |
|a Bezpečnosť pri práci pre 4. ročník SPŠ strojníckych študijného odboru prevádzkyschopnosť výrobných zariadení /
|c Václav Svoboda, Břetislav Modr
|
| 250 |
|
|
|a 2. vyd.
|
| 260 |
|
|
|a Bratislava :
|b Alfa,
|c 1990
|
| 300 |
|
|
|a 161 s. +
|e [1] příl. na vol. listu
|
| 490 |
1 |
|
|a Edícia strojárskej literatúry
|
| 700 |
1 |
|
|a Modr, Břetislav
|4 aut
|
| 830 |
|
0 |
|a Edícia strojárskej literatúry (Alfa)
|0 s
|
| 910 |
|
|
|a BOA001
|b PK-0112.974
|
| 964 |
|
|
|a Práce - bezpečnost - učebnice - školy odborné střední
|
| 990 |
|
|
|a BK
|
| 996 |
7 |
|
|b 3119989476
|c PK-0112.974
|l MZK
|r Sklad / do 1 hodiny
|n 0
|w 000040671
|u 000010
|a 1
|e BOA001
|j MZK50
|s A
|